Cricket: No.1 Bowlers in Both Tests and ODIs - Statistics

General Stats
  • This quiz has been taken 25 times
  • The average score is 6 of 9
Answer Stats
Test Years ODI Years Country Answer % Correct
1996-1997/2001-2002/2004 2005 AUS Glenn McGrath
95%
2003/2006-2008 2000-2001 SL Muttiah Muralitharan
86%
1984/1989-1990 1988 WI Malcolm Marshall
73%
1999-2000 1997/1999/2002-2004/2006-2007 SA Shaun Pollock
73%
1991-1992 1990-1992/1996 WI Sir Curtly Ambrose
73%
1975/1977/1981 1980-1982 AUS Dennis Lillee
64%
1985-1988 1983 NZ Sir Richard Hadlee
64%
1976 1979 WI Sir Andy Roberts
45%
1973 1972-1974 ENG Geoff Arnold
9%
No matching quizzes found
Score Distribution
Percent of People with Each Score
Percentile by Number Answered
Your Score History
You have not taken this quiz